000 00279nam a22001337a 4500
008 171010b xxu||||| |||| 00| 0 eng d
020 _a7980813520809
041 _aeng
080 _a316
100 _a50
101 _aSOC
245 _aMANY MIRRORS
_cSAULT.N
942 _2udc
_cBK
999 _c32819
_d32819